: فریزر میں رکھی شام (Record no. 106076)

MARC details
000 -LEADER
fixed length control field 00815nam a22002537a 4500
005 - DATE AND TIME OF LATEST TRANSACTION
control field 20170123162302.0
010 ## - LIBRARY OF CONGRESS CONTROL NUMBER
LC control number B-097578
020 ## - INTERNATIONAL STANDARD BOOK NUMBER
Terms of availability 150.00
International Standard Book Number 8182230144
035 ## - SYSTEM CONTROL NUMBER
System control number B-097578
037 ## - SOURCE OF ACQUISITION
Source of stock number/acquisition Cen Lib/Ret
040 ## - CATALOGING SOURCE
Original cataloging agency DPL
Language of cataloging UR
082 ## - DEWEY DECIMAL CLASSIFICATION NUMBER
Classification number 841
Item number ن ع م
100 ## - MAIN ENTRY--PERSONAL NAME
Personal name نعمان شوق
9 (RLIN) 139805
245 ## - TITLE STATEMENT
Title : فریزر میں رکھی شام
Statement of responsibility, etc نعمان شوق
Remainder of title / نظمیں
246 ## - VARYING FORM OF TITLE
Title proper/short title Freezer main rakhi shaam : nazmein
Remainder of title by Nauman shauq
260 ## - PUBLICATION, DISTRIBUTION, ETC. (IMPRINT)
Place of publication, distribution, etc دہلی
Name of publisher, distributor, etc ایجوکیشنل پبلشنگ ہاؤس
Date of publication, distribution, etc 2004
270 ## - ADDRESS
City دہلی
Postal code 110006
300 ## - PHYSICAL DESCRIPTION
Extent 144p.
Dimensions 22cm(Hb)
650 ## - SUBJECT ADDED ENTRY--TOPICAL TERM
Topical term or geographic name as entry element اردو ادب
General subdivision
Geographic subdivision
9 (RLIN) 139806
650 ## - SUBJECT ADDED ENTRY--TOPICAL TERM
Topical term or geographic name as entry element اردو شاعری
Form subdivision
9 (RLIN) 139807
650 ## - SUBJECT ADDED ENTRY--TOPICAL TERM
Topical term or geographic name as entry element Urdu adab
9 (RLIN) 139808
650 ## - SUBJECT ADDED ENTRY--TOPICAL TERM
Topical term or geographic name as entry element Urdu Shayari
9 (RLIN) 139809
942 ## - ADDED ENTRY ELEMENTS (KOHA)
Source of classification or shelving scheme Dewey Decimal Classification
Koha item type Urdu Bks
Classification part 841
Call number prefix ن ع م
Holdings
Withdrawn status Lost status Damaged status Not for loan Home library Current library Date acquired Source of acquisition Cost, normal purchase price Total Checkouts Full call number Barcode Date last seen Copy number Cost, replacement price Price effective from Koha item type
        Central Library Central Library 20/06/2015 Cen Lib/Ret 150.00   841 ن ع م B-097578 20/06/2015 1 150.00 20/06/2015 Urdu Bks

© Delhi Public Library
Hit Counter
free hit counter